000 00204nam a2200097Ia 4500
008 240331s9999 xx 000 0 und d
082 _bROY
100 _aRoy, A
245 4 _aThe great common god
942 _cL
999 _c2233
_d2233